000 00720nam a2200265Ia 4500
008 170711s9999 xx 000 0 und d
020 _a9780715325483
050 _a390
050 _bM478 2008
100 _aMcCutcheon, Lauren
245 4 _aThe right way :
245 _bnavigate the minefield of modern manners /
245 _cby Lauren McCutcheon ; introduction by AJ Jacobs.
260 _aCincinnati, Ohio :
260 _bDavid & Charles,
260 _c2006
300 _a127 pages :
300 _billustrations (some colored) ;
300 _c19cm.
500 _aIncludes index.
650 _aEtiquette.
650 _aManners and customs.
700 _aMcCutcheon, Lauren.
700 _aTitle.
999 _c340024
_d340024